[Event "Santo Antonio de Jesus Bahia op"]
[Site "Santo Antonio de Jesus"]
[Date "2022.07.08"]
[Round "3"]
[White "Labollita, Martin"]
[Black "De Jesus, Railton Oliveira Sa"]
[Result "1-0"]
[WhiteElo "2373"]
[BlackElo "1891"]
[PlyCount "94"]
[EventDate "2022.07.07"]
[EventType "swiss"]
[EventRounds "6"]
[EventCountry "BRA"]
[SourceTitle "CBM 209 Extra"]
[Source "ChessBase"]
[SourceDate "2022.09.30"]
[SourceVersion "1"]
[SourceVersionDate "2022.09.30"]
[SourceQuality "1"]

1. d4 Nf6 2. Nf3 g6 3. Bg5 Bg7 4. Nbd2 d5 5. c3 0-0 6. e3 c5 7. Be2 Nc6 8. 0-0 cxd4 9. exd4 a6 10. a4 Qc7 11. Re1 Rb8 12. g3 Ne8 13. Bf4 Nd6 14. Qb3 Be6 15. Ng5 Nd8 16. Bf1 h6 17. Nxe6 Nxe6 18. Be5 Qa5 19. Bxg7 Kxg7 20. Qd1 Rfe8 21. h4 h5 22. Bd3 Nf8 23. Qf3 f5 24. Qf4 Nf7 25. Re2 Qb6 26. Nf3 Qd6 27. Qd2 b5 28. axb5 axb5 29. b4 Rb7 30. Ra5 Qc6 31. Qe1 e6 32. Rea2 Rc8 33. R2a3 Rcc7 34. Ne5 Nxe5 35. Qxe5+ Kf7 36. Bxb5 Rxb5 37. Rxb5 Nd7 38. Qe2 Nf6 39. Rc5 Qd7 40. Qa2 Rb7 41. Ra8 Ne4 42. Rcc8 Qd6 43. Qa4 Re7 44. Rf8+ Kg7 45. Rg8+ Kh7 46. Rh8+ Kg7 47. Rag8+ Kf7 1-0

[Event "Aracaju Pitanga Memorial"]
[Site "Aracaju"]
[Date "2017.08.13"]
[Round "4"]
[White "Da Rocha, Fabio"]
[Black "De Jesus, Railton Oliveira Sa"]
[Result "0-1"]
[WhiteElo "2011"]
[BlackElo "1741"]
[PlyCount "66"]
[EventDate "2017.08.11"]
[EventType "swiss"]
[EventRounds "5"]
[EventCountry "BRA"]
[SourceTitle "CBM 180 Extra"]
[Source "ChessBase"]
[SourceDate "2017.10.06"]
[SourceVersion "1"]
[SourceVersionDate "2017.10.06"]
[SourceQuality "1"]

1. Nf3 g6 2. g3 Bg7 3. Bg2 c5 4. 0-0 Nc6 5. e4 d6 6. c3 e5 7. d3 Nge7 8. Be3 0-0 9. d4 exd4 10. cxd4 Qb6 11. Qb3 Qxb3 12. axb3 Nxd4 13. Nxd4 cxd4 14. Bd2 Be6 15. Bb4 Rfd8 16. Nd2 Nc6 17. Ba3 Na5 18. b4 Nb3 19. Nxb3 Bxb3 20. Rac1 Rac8 21. Bf3 d3 22. Rxc8 Rxc8 23. Bd1 Bc2 24. b5 d2 25. b3 Bd3 26. Bxd6 Bxf1 27. Kxf1 Re8 28. Bf4 Bc3 29. Ke2 Bb4 30. Bxd2 Bxd2 31. Kxd2 Rxe4 32. Bf3 Rb4 33. Bxb7 Rxb5 0-1